[Event "DSOL 01 Liga Gr-B 1st"]
[Site "Playchess.com INT"]
[Date "2020.08.05"]
[Round "7.1"]
[White "Arnold, Max"]
[Black "Boder, Jan"]
[Result "1/2-1/2"]
[WhiteElo "2319"]
[BlackElo "2160"]
[PlyCount "123"]
[EventDate "2020.06.22"]
[EventType "team-tourn (rapid)"]
[EventCountry "GER"]
[SourceTitle "EXT 2021"]
[Source "ChessBase"]
[SourceDate "2020.10.23"]
[SourceVersion "1"]
[SourceVersionDate "2020.10.23"]
[SourceQuality "1"]
[WhiteTeam "Ettlingen"]
[BlackTeam "Kastellaun"]
[WhiteTeamCountry "GER"]
[BlackTeamCountry "GER"]

1. e4 c5 2. Nf3 g6 3. Bc4 Nc6 4. c3 e6 5. d4 cxd4 6. Nxd4 d5 7. exd5 exd5 8. Bb3 Bg7 9. 0-0 Nge7 10. Be3 0-0 11. Na3 a6 12. Re1 Qc7 13. Qd2 Na5 14. Bc2 Nec6 15. Nxc6 Qxc6 16. Bd4 Bxd4 17. Qxd4 Be6 18. h4 Nc4 19. Nxc4 Qxc4 20. Qf6 Qg4 21. Re5 h6 22. h5 Bd7 23. Bd1 Qc4 24. hxg6 Qc6 25. Qh4 Qxg6 26. Re3 Kh7 27. Rg3 Qd6 28. Bc2+ f5 29. Re1 Rae8 30. Rxe8 Rxe8 31. Qh5 Qf6 32. Rf3 Re5 33. g4 Qg6 34. Qh4 Qg5 35. Qxg5 hxg5 36. gxf5 Kg7 37. f6+ Kf8 38. Bb3 Kf7 39. Kh2 a5 40. a3 Be6 41. Kg3 Re4 42. Rd3 Re5 43. Rf3 Re4 44. Rd3 Re5 45. f4 gxf4+ 46. Kxf4 Kxf6 47. Rd2 Re4+ 48. Kf3 Ke5 49. Bc2 Bg4+ 50. Kf2 Rf4+ 51. Kg3 Bf5 52. Rd4 Be4 53. Bxe4 Rxe4 54. Rd2 b5 55. Kf3 a4 56. Rh2 Kd6 57. Rh8 Re1 58. Rb8 Kc5 59. Rc8+ Kd6 60. Rb8 Kc5 61. Rc8+ Kd6 62. Rb8 1/2-1/2

[Event "Titled Tuesday intern op 9th June"]
[Site "Chess.com INT"]
[Date "2020.06.09"]
[Round "4"]
[White "Gines Esteo, Pedro Antonio"]
[Black "Arnold, Max"]
[Result "1-0"]
[WhiteElo "2458"]
[BlackElo "2305"]
[PlyCount "117"]
[EventDate "2020.06.09"]
[EventType "swiss (blitz)"]
[EventRounds "10"]
[EventCountry "USA"]
[SourceTitle "CBM 196 Extra"]
[Source "ChessBase"]
[SourceDate "2020.07.31"]
[SourceVersion "1"]
[SourceVersionDate "2020.07.31"]
[SourceQuality "1"]

1. Nf3 d5 2. b3 Bg4 3. Bb2 Nd7 4. e3 Ngf6 5. Be2 e6 6. 0-0 Bd6 7. c4 c6 8. d4 0-0 9. Nbd2 h6 10. Qc2 Qe7 11. Bd3 Ba3 12. Bxa3 Qxa3 13. Ne5 Nxe5 14. dxe5 Nd7 15. f4 Qc5 16. Rae1 f6 17. exf6 Rxf6 18. Kh1 Bf5 19. e4 dxe4 20. Bxe4 Rd8 21. Nf3 Bxe4 22. Rxe4 Qf5 23. Qe2 Nc5 24. Re5 Qd3 25. g3 Qxe2 26. Rxe2 a5 27. Kg2 Rd3 28. Rfe1 g5 29. Ne5 Rc3 30. fxg5 hxg5 31. Re3 Rxe3 32. Rxe3 Kg7 33. a3 Rf5 34. b4 axb4 35. axb4 Na6 36. b5 cxb5 37. cxb5 Nc7 38. g4 Rf4 39. Rd3 Nd5 40. h3 Rb4 41. Ra3 Rxb5 42. Ra7 Kf6 43. Nd7+ Ke7 44. Ne5 Nf4+ 45. Kf3 Rb3+ 46. Ke4 Nxh3 47. Nc6+ Kd6 48. Nd4 Rb4 49. Ke3 Nf4 50. Nf3 Nd5+ 51. Ke2 Rxg4 52. Rxb7 Re4+ 53. Kf2 g4 54. Ng5 Rf4+ 55. Kg3 Rf5 56. Nf7+ Kc6 57. Nd8+ Kd6 58. Kxg4 Rf8 59. Nf7+ 1-0

[Event "Titled Tuesday intern op 9th June"]
[Site "Chess.com INT"]
[Date "2020.06.09"]
[Round "9"]
[White "Maltsevskaya, Aleksandra"]
[Black "Arnold, Max"]
[Result "0-1"]
[WhiteElo "2272"]
[BlackElo "2305"]
[PlyCount "128"]
[EventDate "2020.06.09"]
[EventType "swiss (blitz)"]
[EventRounds "10"]
[EventCountry "USA"]
[SourceTitle "CBM 196 Extra"]
[Source "ChessBase"]
[SourceDate "2020.07.31"]
[SourceVersion "1"]
[SourceVersionDate "2020.07.31"]
[SourceQuality "1"]

1. e4 e5 2. Nf3 Nc6 3. Bb5 a6 4. Ba4 Nf6 5. 0-0 Nxe4 6. d4 Be7 7. d5 Nc5 8. Bb3 e4 9. dxc6 exf3 10. Qxf3 Nxb3 11. cxd7+ Bxd7 12. axb3 Bc6 13. Qg3 0-0 14. Nc3 Bd6 15. Bf4 Bxf4 16. Qxf4 Re8 17. Rad1 Qe7 18. h3 Rad8 19. Rxd8 Rxd8 20. b4 h6 21. Qg4 Qe5 22. f4 Qe3+ 23. Kh2 Rd2 24. Qc8+ Qe8 25. Qxe8+ Bxe8 26. Re1 Bc6 27. Re2 Rd4 28. Kg3 Rxb4 29. b3 Kf8 30. Rd2 Ke7 31. Re2+ Kf6 32. Rd2 Kf5 33. Ne2 Re4 34. Nd4+ Kf6 35. Nxc6 bxc6 36. Rd7 Re2 37. Rxc7 Rxc2 38. Ra7 Rc3+ 39. Kg4 Rxb3 40. Rxa6 Rc3 41. Ra5 g6 42. g3 h5+ 43. Kh4 Ke6 44. Ra7 c5 45. Ra6+ Kd5 46. Ra7 f6 47. Ra6 g5+ 48. fxg5 fxg5+ 49. Kxg5 Rxg3+ 50. Kxh5 c4 51. Kh4 Rg1 52. Ra8 c3 53. Rd8+ Kc4 54. Rc8+ Kb3 55. Kh5 c2 56. Rb8+ Kc3 57. Rc8+ Kd2 58. Rd8+ Ke3 59. Rc8 c1Q 60. Rxc1 Rxc1 61. Kg6 Rh1 62. h4 Rxh4 63. Kg5 Ra4 64. Kf5 Re4 0-1

[Event "GER Cup Net Final-A U2400"]
[Site "Playchess.com INT"]
[Date "2020.06.06"]
[Round "12"]
[White "Alvir, Aco"]
[Black "Arnold, Max"]
[Result "1-0"]
[WhiteElo "2234"]
[BlackElo "2127"]
[PlyCount "81"]
[EventDate "2020.06.06"]
[EventType "swiss (blitz)"]
[EventRounds "13"]
[EventCountry "GER"]
[SourceTitle "CBM 197 Extra"]
[Source "ChessBase"]
[SourceDate "2020.09.30"]
[SourceVersion "1"]
[SourceVersionDate "2020.09.30"]
[SourceQuality "1"]

1. e4 e5 2. Nf3 Nc6 3. Bc4 Bc5 4. c3 Nf6 5. d4 exd4 6. e5 d5 7. Bb5 Ne4 8. cxd4 Bb6 9. Be3 0-0 10. Nc3 Bg4 11. Qc2 Bf5 12. Qb3 Ne7 13. 0-0 c6 14. Be2 Ng6 15. Nxe4 dxe4 16. Ne1 Be6 17. Bc4 Bd5 18. Nc2 Qd7 19. a4 Ba5 20. Bxd5 cxd5 21. Qb5 Qxb5 22. axb5 Bb6 23. Nb4 Rad8 24. f4 exf3 25. Rxf3 f6 26. exf6 Rxf6 27. Rxf6 gxf6 28. Rf1 Kg7 29. Nd3 Re8 30. Bf2 Re2 31. b4 h5 32. h4 Rd2 33. Nc5 Rb2 34. Be1 Ne7 35. Kh2 Kg6 36. Ne6 Nf5 37. Nf4+ Kh6 38. Nxd5 Nxd4 39. Rxf6+ Kg7 40. Bc3 Rc2 41. Rf4 1-0